LIBRARY & INFORMATION CENTRE, KCAET, TAVANUR

ONLINE PUBLIC ACCESS CATALOGUE (OPAC)

Operation Research (Record no. 17709)

MARC details
000 -LEADER
fixed length control field 00341nam a22001577a 4500
003 - CONTROL NUMBER IDENTIFIER
control field OSt
008 - FIXED-LENGTH DATA ELEMENTS--GENERAL INFORMATION
fixed length control field 230530b |||||||| |||| 00| 0 eng d
041 ## - LANGUAGE CODE
Language code of text/sound track or separate title eng
082 ## - DEWEY DECIMAL CLASSIFICATION NUMBER
Classification number 658.4034
Item number PAN/OP
100 ## - MAIN ENTRY--AUTHOR NAME
Personal name Panneerselvam, R
245 ## - TITLE STATEMENT
Title Operation Research
250 ## - EDITION STATEMENT
Edition statement 3
260 ## - PUBLICATION, DISTRIBUTION, ETC. (IMPRINT)
Place of publication Delhi
Name of publisher PHI
Year of publication 2023
300 ## - PHYSICAL DESCRIPTION
Number of Pages 628
942 ## - ADDED ENTRY ELEMENTS (KOHA)
Koha item type Books
Holdings
Withdrawn status Lost status Damaged status Collection code Home library Current library Shelving location Date acquired Source of acquisition Cost, normal purchase price Full call number Accession Number Koha item type
      General Books KAUAET KAUAET General Stacks 25/03/2023 eedeeyou, Manjeri 795.00 658.4034 PAN/OP 26197 Books
free website counter